00544nam a2200205 a 4500001001300000003000900013005001700022008004100039020000900080082002000089100001600109245003800125260004800163300000800211500003500219505002400254650001700278650002700295700001600322nice12345678IN_TiNIC20260116012456.0050524s1984 isla grp 000 0 eng  ac4200a305.480297bAHM aAhmad, Anis aMuslim Women and Higher Education aIslambadbInstitute of Policy Studiesc1984 a95p aincludes index and biblioraphy2 aBibliography, Index aMuslim Women aEducation-Muslim Women1 aAhmad, Anis